Business finance for decision makers /

Salvato in:
Dettagli Bibliografici
Autore principale: McLaney, E.J (Autore)
Natura: Libro
Lingua:inglese
Pubblicazione: London : Pitman Publishing, 1994
Edizione:2.ed.
Soggetti:
Tags: Aggiungi Tag
Nessun Tag, puoi essere il primo ad aggiungerne!!

MARC

LEADER 00000nam a22000003a 4500
001 stu7932
005 20150617225807.4
008 950601s1994----uk------------------eng-d
020 |a 0-273-61180-1 
040 |a STU  |b slo 
041 0 |a eng 
044 |a uk 
080 |a 65.012.2 
080 |a 658.14/.17 
080 |a 657.9  |7 stu_us_auth*stu6503 
080 |a 336.645.1 
084 |a C0300  |2 INS 
100 1 |a McLaney, E.J  |4 aut 
245 1 |a Business finance for decision makers /  |c [aut.] McLaney,E.J 
250 |a 2.ed. 
260 |a London :  |b Pitman Publishing,  |c 1994 
300 |a 450 s 
650 7 |a podnikové hospodárstvo  |2 stusub 
650 7 |a finančné hospodárstvo  |2 stusub 
650 7 |a technika odhadu a ocenenia  |2 stusub 
650 7 |a financovanie investícií  |2 stusub 
650 7 |a prijímanie rozhodnutí  |2 stusub 
650 7 |a riadenie podniku  |2 stusub 
996 |b E79936  |c R*79936  |l RRUM  |s A  |a 24  |w stu7932_0001